00401nam a2200157Ia 4500001000500000005001700005008004100022041000800063082001600071100002600087245007700113260000900190300002800199650000800227654000800235310520260306144856.0260306t2007||||xx |||||||||||||| ||spa|| aESP a252.81bP75 aPollard, John F.eAUT 0aEl Vaticano y sus banqueros:blas finanzas del papado moderno, 1850-1950 c2007 a315 páginas :c23 cm. aGEN aCHU